Languages with Nobel Laureates in Literature - Statistics

General Stats
  • This quiz has been taken 1,070 times
    1,010 since last reset
  • The average score is 20 of 26
Answer Stats
# of Laureates Language % Correct
32 English
100%
16 French
100%
11 Spanish
100%
15 German
98%
2 Chinese
97%
6 Russian
97%
6 Italian
96%
2 Japanese
96%
1 Portuguese
95%
7 Swedish
95%
1 Arabic
93%
5 Polish
89%
4 Norwegian
88%
2 Greek
84%
1 Korean
83%
3 Danish
82%
1 Finnish
81%
1 Turkish
80%
1 Serbo-Croatian
71%
1 Czech
69%
2 Hungarian
69%
1 Hebrew
55%
1 Icelandic
49%
1 Bengali
38%
1 Yiddish
21%
1 Occitan
4%
No matching quizzes found
Score Distribution
Percent of People with Each Score
Percentile by Number Answered
Your Score History
You have not taken this quiz since the last reset